000 01577cam a2200301 4500500
005 20260322001413.0
041 _afre
042 _adc
100 1 0 _aMaimouni, Mohammed
_eauthor
700 1 0 _aMoussaoui, Jihane
_eauthor
700 1 0 _aChlihfane, Rajae
_eauthor
700 1 0 _aBarrimi, Mohammed
_eauthor
700 1 0 _aReca, Martin
_eauthor
245 0 0 _aIntentos de autoenuclacion y automutilación genital secundaria en un síndrome de RESLES en paciente esquizofrénico
260 _c2022.
500 _a62
520 _aReportamos el caso de un hombre joven hospitalizado en psiquiatría por causa de una recaída esquizofrénica quien presenta de modo reincidente crisis epilépticas tónico-clónicas concomitantes con intentos de automutilación genital y de autoenuclación en el marco de un síndrome de RESLES (reversible splenial lesion syndrome). El paciente estaba atendido con el fin de alcanzar una remisión de los síntomas esquizofrénicos y también para intentar averiguar los factores etiológicos de las crisis tónico-clónicas que provocan estas graves automutilaciones.
690 _aautoenucleación
690 _aautomutilacón
690 _acrisis epiléptica
690 _asíndrome de RESLES
690 _aepileptic seizures
690 _aRESLES
690 _aself-enucleation
690 _aself-mutilation
786 0 _nL’Information Psychiatrique | Volume 98 | 1 | 2022-02-09 | p. 49-51 | 0020-0204
856 4 1 _uhttps://stm.cairn.info/revista-l-information-psychiatrique-2022-1-page-49?lang=es&redirect-ssocas=7080
999 _c1714482
_d1714482